<?xml version="1.0" encoding="UTF-8"?>
<record
    xmlns:xsi="http://www.w3.org/2001/XMLSchema-instance"
    xsi:schemaLocation="http://www.loc.gov/MARC21/slim http://www.loc.gov/standards/marcxml/schema/MARC21slim.xsd"
    xmlns="http://www.loc.gov/MARC21/slim">

  <leader>03175nam a22001577a 4500</leader>
  <controlfield tag="008">140822b        xxu||||| |||| 00| 0 eng d</controlfield>
  <datafield tag="020" ind1=" " ind2=" ">
    <subfield code="a">9783846590423</subfield>
  </datafield>
  <datafield tag="050" ind1=" " ind2=" ">
    <subfield code="a">HC800.A5 C41</subfield>
  </datafield>
  <datafield tag="100" ind1=" " ind2=" ">
    <subfield code="a">Chea, Ashford.</subfield>
  </datafield>
  <datafield tag="245" ind1=" " ind2=" ">
    <subfield code="a">How to make to 21st century the century of African economic rebirth. /</subfield>
    <subfield code="c">Ashford, Chea.</subfield>
  </datafield>
  <datafield tag="260" ind1=" " ind2=" ">
    <subfield code="a">U.S.A:</subfield>
    <subfield code="b">Lap Lambert,</subfield>
    <subfield code="c">2011.</subfield>
  </datafield>
  <datafield tag="300" ind1=" " ind2=" ">
    <subfield code="a">558p.:</subfield>
    <subfield code="c">22cm.</subfield>
  </datafield>
  <datafield tag="500" ind1=" " ind2=" ">
    <subfield code="a">Includes references.</subfield>
  </datafield>
  <datafield tag="505" ind1=" " ind2=" ">
    <subfield code="a">Contents: The Global financial meltdown of 2008, Sub-Saharan African (SSA), and the way forward for sustainable economic growth and development -- Global private capital flows and development finance in Sub-Sahara Africa: exemplary performers, lessons for others, and strategies for global competitiveness in the 21st century -- Sources of global private capital flows: what Sub-Saharan Africa can do to attract, manage, and retain global private capital flows to finance economic growth and sustainable development -- Financial sector and economic development: How institutions, financial markets, and prudential oversight can be enhanced to accelerate economic growth and sustainable development in Sub-Saharan Africa -- Capital account, financial liberalization and economic development in Sub-Saharan Africa: Eliminating structural impediments and maximizing the benefits of reforms to accelerate growth and sustainable development -- Sub-Saharan Africa and global trade: What Sub-Saharan Africa needs to do to maximize the benefits from global trade integration, increase economic growth and reduce poverty -- The strategic and competitive marketing of an economy: How to promote and sell an economy for foreign direct investment, create national wealth, and policy implications for Sub-Saharan African governments -- The East Asian Development Experience: Policy lessons, implications and recommendations for Sub-Saharan Africa Global Competitiveness -- Self-Management and personal leadership: Why and How highly effective people succeed in achieving their goals in their personal lives and in organizations and implications for Sub-Saharan African political and business leaders -- Leading in today's competitive Environment: How exemplary leaders, motivate, lead, and achieve organizational goals and create value and implications for Sub-Saharan African business leaders -- Organizational conflict: Strategy, leadership, resolution framework, and managerial implications for Sub-Saharan business leaders and managers -- Exemplary models of firm innovation: Strategy and leadership for the 21st century environment and lessons for Sub-Saharan African Business Leaders and Managers -- Competing on innovation: How exemplary innovators leverage their external environment to harness innovation and create value and lessons for Sub-Saharan African Business Leaders and Managers -- Entrepreneurial Venture Creation: The application of pattern identification theory to the entrepreneurial opportunity-identification process and implications for Sub-Saharan African Entrepreneurs -- Exemplary strategy for corporate competitiveness and wealth creation: Implications for Sub-Saharan African business leaders and managers.</subfield>
  </datafield>
  <datafield tag="942" ind1=" " ind2=" ">
    <subfield code="2">lcc</subfield>
    <subfield code="c">BK</subfield>
  </datafield>
  <datafield tag="999" ind1=" " ind2=" ">
    <subfield code="c">3700</subfield>
    <subfield code="d">11200</subfield>
  </datafield>
  <datafield tag="952" ind1=" " ind2=" ">
    <subfield code="0">0</subfield>
    <subfield code="1">0</subfield>
    <subfield code="2">lcc</subfield>
    <subfield code="4">0</subfield>
    <subfield code="7">0</subfield>
    <subfield code="a">WIUC-1</subfield>
    <subfield code="b">WIUC-1</subfield>
    <subfield code="c">LL</subfield>
    <subfield code="d">2014-08-22</subfield>
    <subfield code="l">0</subfield>
    <subfield code="o">HC800.A5C41</subfield>
    <subfield code="p">342/13</subfield>
    <subfield code="r">2014-08-22 00:00:00</subfield>
    <subfield code="t">1</subfield>
    <subfield code="w">2014-08-22</subfield>
    <subfield code="y">BK</subfield>
  </datafield>
</record>
